[Event "Asia Nations online Cup (Women)"]
[Site "Chess.com INT"]
[Date "2020.10.19"]
[Round "8.6"]
[White "Ahmed, Walijah"]
[Black "Raya, Alnaimat"]
[Result "0-1"]
[WhiteElo "1755"]
[BlackElo "1694"]
[PlyCount "62"]
[EventDate "2020.10.11"]
[EventType "team-swiss (rapid)"]
[EventRounds "9"]
[EventCountry "IND"]
[SourceTitle "CBM 198 Extra"]
[Source "ChessBase"]
[SourceDate "2020.11.30"]
[SourceVersion "1"]
[SourceVersionDate "2020.11.30"]
[SourceQuality "1"]
[WhiteTeam "Bangladesh (W)"]
[BlackTeam "Jordan (W)"]
[WhiteTeamCountry "BAN"]
[BlackTeamCountry "JOR"]

1. e4 g6 2. d4 d6 3. Nc3 Bg7 4. Be3 Nf6 5. Qd2 0-0 6. f3 c6 7. Bh6 c5 8. Bxg7 Kxg7 9. Nge2 cxd4 10. Nxd4 Nc6 11. 0-0-0 Qb6 12. Nb3 Be6 13. g4 Rfc8 14. h4 a5 15. Kb1 a4 16. Nc1 Ne5 17. Be2 a3 18. b3 Qc6 19. Nb5 Nxf3 20. Bxf3 Qxb5 21. h5 Qa5 22. Qe3 Bxg4 23. hxg6 Bxf3 24. Qh6+ Kh8 25. gxf7 Qc3 26. Nd3 Qxc2+ 27. Ka1 Bxd1 28. Rg1 Qc3+ 29. Kb1 Qxd3+ 30. Ka1 Qc3+ 31. Kb1 Qb2# 0-1

[Event "Asia Nations online Cup (Women)"]
[Site "Chess.com INT"]
[Date "2020.10.19"]
[Round "7.9"]
[White "Jalloul, Maya M"]
[Black "Raya, Alnaimat"]
[Result "0-1"]
[WhiteElo "1861"]
[BlackElo "1694"]
[PlyCount "58"]
[EventDate "2020.10.11"]
[EventType "team-swiss (rapid)"]
[EventRounds "9"]
[EventCountry "IND"]
[SourceTitle "CBM 198 Extra"]
[Source "ChessBase"]
[SourceDate "2020.11.30"]
[SourceVersion "1"]
[SourceVersionDate "2020.11.30"]
[SourceQuality "1"]
[WhiteTeam "Lebanon (W)"]
[BlackTeam "Jordan (W)"]
[WhiteTeamCountry "LBN"]
[BlackTeamCountry "JOR"]

1. c4 g6 2. g3 Bg7 3. Bg2 d6 4. Nc3 e5 5. Nf3 f5 6. d4 e4 7. Ng5 h6 8. Nh3 Nc6 9. e3 Nf6 10. Nf4 Ne7 11. h4 a6 12. b4 Kf7 13. Bb2 Bd7 14. d5 Qc8 15. Qe2 c5 16. b5 axb5 17. Nxb5 Bxb5 18. cxb5 Nfxd5 19. Bxg7 Nxf4 20. gxf4 Kxg7 21. Rd1 Qe6 22. Qb2+ Kh7 23. a3 Rhd8 24. Bf1 d5 25. Qc3 d4 26. exd4 cxd4 27. Rxd4 Qa2 28. Rxd8 Rxd8 29. Be2 Qb1+ 0-1

[Event "Asia Nations online Cup (Women)"]
[Site "Chess.com INT"]
[Date "2020.10.19"]
[Round "9.4"]
[White "Raya, Alnaimat"]
[Black "Alinasab, Mobina"]
[Result "0-1"]
[WhiteElo "1694"]
[BlackElo "2317"]
[PlyCount "130"]
[EventDate "2020.10.11"]
[EventType "team-swiss (rapid)"]
[EventRounds "9"]
[EventCountry "IND"]
[SourceTitle "CBM 198 Extra"]
[Source "ChessBase"]
[SourceDate "2020.11.30"]
[SourceVersion "1"]
[SourceVersionDate "2020.11.30"]
[SourceQuality "1"]
[WhiteTeam "Jordan (W)"]
[BlackTeam "Iran (W)"]
[WhiteTeamCountry "JOR"]
[BlackTeamCountry "IRI"]

1. d4 Nf6 2. Bf4 e6 3. e3 Be7 4. h3 c5 5. c3 cxd4 6. exd4 d6 7. Nf3 Nbd7 8. Bd3 b6 9. Nbd2 Qc7 10. 0-0 Bb7 11. Re1 0-0 12. Qe2 Rfe8 13. Bh2 Bf8 14. a4 a6 15. Nc4 Bd5 16. Ne3 Bb7 17. Bc2 g6 18. Nd2 Qc6 19. f3 e5 20. dxe5 dxe5 21. Ne4 Nxe4 22. Bxe4 Qc7 23. Bxb7 Qxb7 24. Rad1 Rad8 25. Bg3 Qc6 26. Qxa6 Nc5 27. Qb5 Qxb5 28. axb5 Nd3 29. Re2 Bc5 30. Bh4 Rd6 31. Kf1 Nf4 32. Red2 Rxd2 33. Rxd2 Bxe3 34. Rd7 Ra8 35. Rd1 Kg7 36. Re1 Bc5 37. b4 Bd6 38. Rd1 Bf8 39. Be1 Ra2 40. g3 Nxh3 41. Rd7 Ng5 42. Bf2 Rc2 43. Rd3 e4 44. fxe4 Nxe4 45. Bxb6 Bd6 46. Bd4+ f6 47. g4 h5 48. gxh5 gxh5 49. b6 h4 50. Rh3 Ng3+ 51. Ke1 Nf5 52. Bf2 Kg6 53. b7 Kg5 54. Rd3 Be5 55. Ba7 Rxc3 56. Rxc3 Bxc3+ 57. Kd1 Be5 58. Kc2 Kg4 59. Kd3 h3 60. b8Q Bxb8 61. Bxb8 Ng3 62. Ke3 h2 63. Bxg3 Kxg3 64. b5 h1Q 65. b6 Qb7 0-1

[Event "Asia zt 3.1 (Women)"]
[Site "Amman"]
[Date "2019.06.25"]
[Round "8"]
[White "Alinasab, Mobina"]
[Black "Raya, Alnaimat"]
[Result "1-0"]
[WhiteElo "2256"]
[BlackElo "1679"]
[PlyCount "71"]
[EventDate "2019.06.19"]
[EventType "tourn"]
[EventRounds "9"]
[EventCountry "JOR"]
[SourceTitle "CBM 191 Extra"]
[Source "ChessBase"]
[SourceDate "2019.09.30"]
[SourceVersion "1"]
[SourceVersionDate "2019.09.30"]
[SourceQuality "1"]

1. e4 d6 2. d4 g6 3. Nc3 Bg7 4. f4 Nc6 5. d5 Nb8 6. Nf3 Bg4 7. Be3 Nd7 8. h3 Bxf3 9. Qxf3 Ngf6 10. Be2 c5 11. 0-0 Qb6 12. Bd3 0-0 13. Rab1 a6 14. Ne2 Qa5 15. b3 b5 16. Rbd1 Rac8 17. Bd2 Qc7 18. c4 b4 19. g4 a5 20. Ng3 Ra8 21. g5 Ne8 22. Bb1 a4 23. h4 axb3 24. axb3 Bd4+ 25. Kg2 f6 26. h5 fxg5 27. hxg6 hxg6 28. Qg4 Kg7 29. Qxg5 Nef6 30. e5 Rf7 31. exf6+ Bxf6 32. Qxg6+ Kf8 33. Rh1 e5 34. dxe6 Rg7 35. Rh8+ Ke7 36. Nf5+ 1-0

[Event "Asia zt 3.1 (Women)"]
[Site "Amman"]
[Date "2019.06.20"]
[Round "2"]
[White "Boshra, Alshaeby"]
[Black "Raya, Alnaimat"]
[Result "1-0"]
[WhiteElo "2013"]
[BlackElo "1679"]
[PlyCount "93"]
[EventDate "2019.06.19"]
[EventType "tourn"]
[EventRounds "9"]
[EventCountry "JOR"]
[SourceTitle "CBM 191 Extra"]
[Source "ChessBase"]
[SourceDate "2019.09.30"]
[SourceVersion "1"]
[SourceVersionDate "2019.09.30"]
[SourceQuality "1"]

1. e4 d6 2. d4 g6 3. Nc3 Bg7 4. h3 Nc6 5. Nf3 e5 6. Be3 a6 7. Bc4 b5 8. Bd5 Bd7 9. dxe5 dxe5 10. Ng5 Nh6 11. Qd2 Rb8 12. Ne2 Qe7 13. Nf3 Ng8 14. Qc3 Qb4 15. 0-0-0 Qxc3 16. Nxc3 b4 17. Bxf7+ Kxf7 18. Rxd7+ Ke8 19. Rxg7 bxc3 20. bxc3 Nge7 21. Ng5 h6 22. Ne6 Kd7 23. Nc5+ Ke8 24. Rd1 Kf8 25. Ne6+ Ke8 26. Nxc7+ Kf8 27. Ne6+ Ke8 28. Bc5 Rb7 29. Bxe7 Rxe7 30. Nc7+ Kf8 31. Rxe7 Kxe7 32. Nxa6 Ra8 33. Nb4 Na5 34. Rd5 Nc4 35. Rc5 Nd6 36. Rxe5+ Kf6 37. f4 Rc8 38. Nd5+ Kf7 39. Re7+ Kf8 40. e5 Ne4 41. e6 Rc5 42. Rf7+ Kg8 43. Ne7+ Kh8 44. Nxg6+ Kg8 45. f5 Nd6 46. Rf8+ Kg7 47. e7 1-0

[Event "Olympiad Women-43"]
[Site "Batumi"]
[Date "2018.09.27"]
[Round "4.47"]
[White "Ali, Sheriffa"]
[Black "Raya, Alnaimat"]
[Result "0-1"]
[WhiteElo "1365"]
[BlackElo "1676"]
[PlyCount "150"]
[EventDate "2018.09.24"]
[EventType "team-swiss"]
[EventRounds "11"]
[EventCountry "GEO"]
[SourceTitle "EXT 2020"]
[Source "ChessBase"]
[SourceDate "2019.10.17"]
[SourceVersion "1"]
[SourceVersionDate "2019.10.17"]
[SourceQuality "1"]
[WhiteTeam "Guyana (W)"]
[BlackTeam "Jordan (W)"]
[WhiteTeamCountry "GUY"]
[BlackTeamCountry "JOR"]

1. e4 d6 2. d4 Nf6 3. Nc3 g6 4. g3 Bg7 5. Bg2 0-0 6. h3 Nbd7 7. Nf3 e5 8. dxe5 dxe5 9. 0-0 c6 10. Nd2 Nh5 11. Nc4 Qe7 12. Qd6 Bf6 13. Qxe7 Bxe7 14. Be3 f6 15. Rad1 b6 16. Nd6 Ba6 17. Rfe1 Rfd8 18. Rd2 Nf8 19. Red1 Ng7 20. Bf1 Bxf1 21. Kxf1 Nge6 22. Nc4 Rxd2 23. Rxd2 Rd8 24. Rxd8 Nxd8 25. Ke2 Nfe6 26. a3 Nd4+ 27. Bxd4 exd4 28. Nd1 Ne6 29. Kd3 c5 30. a4 g5 31. f3 h5 32. c3 h4 33. gxh4 gxh4 34. Nf2 Nf4+ 35. Kd2 Kf7 36. b3 Ke6 37. Kc2 Ne2 38. Nd1 dxc3 39. Nxc3 Nd4+ 40. Kb2 Nxf3 41. a5 Bd8 42. axb6 axb6 43. Na4 Ng5 44. Ncxb6 Bxb6 45. Nxb6 Nxh3 46. Nc4 Nf2 47. Nd2 h3 48. Nf3 Nxe4 49. Kc2 Ng5 50. Nh2 f5 51. Kd2 Ke5 52. Ke2 Kd4 53. Kf2 f4 54. Nf1 Kc3 55. Ke2 Kxb3 56. Nd2+ Kc3 57. Nf1 f3+ 58. Ke3 c4 59. Kf4 Kd3 60. Kxg5 c3 61. Kf4 c2 62. Kxf3 c1Q 63. Kf2 Qc2+ 64. Kf3 Qg2+ 65. Kf4 Qxf1+ 66. Ke5 h2 67. Ke6 h1R 68. Ke5 Qa1+ 69. Kf5 Rh4 70. Ke6 Qa6+ 71. Ke5 Qa5+ 72. Kf6 Rb4 73. Ke6 Rb6+ 74. Kd7 Qa7+ 75. Kc8 Rb8# 0-1

[Event "Arab-ch Rapid (Women) 17"]
[Site "Sharjah"]
[Date "2018.01.31"]
[Round "1.1"]
[White "Latreche, Sabrina"]
[Black "Raya, Alnaimat"]
[Result "0-1"]
[WhiteElo "1956"]
[BlackElo "1693"]
[PlyCount "104"]
[EventDate "2018.01.31"]
[EventType "swiss (rapid)"]
[EventRounds "7"]
[EventCountry "UAE"]
[SourceTitle "EXT 2024"]
[Source "ChessBase"]
[SourceDate "2023.10.10"]
[SourceVersion "1"]
[SourceVersionDate "2023.10.10"]
[SourceQuality "1"]

1. e4 d6 2. d4 g6 3. Nc3 Bg7 4. Bc4 Nf6 5. Nf3 0-0 6. 0-0 a6 7. a4 Bg4 8. h3 Bxf3 9. Qxf3 Nc6 10. Be3 e6 11. Rad1 Nd7 12. Qe2 e5 13. d5 Ne7 14. Qd2 f5 15. exf5 gxf5 16. Bg5 Qe8 17. f4 h6 18. Bxe7 Qxe7 19. fxe5 Nxe5 20. Rde1 Nxc4 21. Rxe7 Nxd2 22. Rxc7 Nxf1 23. Kxf1 Bxc3 24. Rxc3 Rac8 25. Rg3+ Kf7 26. c3 Rc4 27. b3 Re4 28. Rf3 Kf6 29. c4 Rfe8 30. c5 dxc5 31. Rc3 f4 32. Rxc5 Rb4 33. Rc7 Rxb3 34. d6 Ke6 35. Rh7 Kxd6 36. Rxh6+ Re6 37. Rh5 Re4 38. a5 Ra4 39. Rf5 Ra2 40. Kg1 Rg3 41. Rxf4 Rgxg2+ 42. Kh1 Rh2+ 43. Kg1 Rxh3 44. Rb4 Rc3 45. Rb1 Kc6 46. Rb6+ Kc7 47. Rb1 Rxa5 48. Kf2 Ra2+ 49. Kf1 b5 50. Re1 Kb6 51. Re6+ Ka5 52. Re1 b4 0-1

[Event "Arab-ch (Women)"]
[Site "Sharjah"]
[Date "2018.01.28"]
[Round "3"]
[White "Alraqum, Shahad"]
[Black "Raya, Alnaimat"]
[Result "0-1"]
[WhiteElo "1696"]
[BlackElo "1693"]
[PlyCount "65"]
[EventDate "2018.01.27"]
[EventType "swiss"]
[EventRounds "9"]
[EventCountry "UAE"]
[SourceTitle "EXT 2019"]
[Source "ChessBase"]
[SourceDate "2018.10.10"]
[SourceVersion "1"]
[SourceVersionDate "2018.10.10"]
[SourceQuality "1"]

1. d4 Nf6 2. Nf3 g6 3. e3 Bg7 4. Bd3 0-0 5. Nbd2 d6 6. 0-0 a6 7. b3 c5 8. Bb2 Nc6 9. a3 b5 10. c4 b4 11. Qc2 bxa3 12. Bxa3 Nb4 13. Bxb4 cxb4 14. Rfe1 Nd7 15. Rad1 Bb7 16. e4 e5 17. Re3 exd4 18. Nxd4 Bxd4 19. Rh3 Ne5 20. Be2 Bc8 21. Rg3 f5 22. exf5 Bxf5 23. Ne4 Bxf2+ 24. Kxf2 Bxe4+ 25. Ke1 Bxc2 26. Rd4 Qb6 27. Rh4 Nd3+ 28. Bxd3 Bxd3 29. Rxd3 Rae8+ 30. Kd2 Qf2+ 31. Kc1 Re1+ 32. Rd1 Qe3+ 33. Kc2 0-1

[Event "Asian Clubs-ch zt (Women)"]
[Site "Amman"]
[Date "2015.01.22"]
[Round "6.3"]
[White "Fatma, Al Jelda"]
[Black "Raya, Alnaimat"]
[Result "1-0"]
[WhiteElo "1826"]
[BlackElo "1716"]
[PlyCount "76"]
[EventDate "2015.01.19"]
[EventType "team-tourn"]
[EventRounds "7"]
[EventCountry "JOR"]
[SourceTitle "CBM 164 Extra"]
[Source "ChessBase"]
[SourceDate "2015.03.02"]
[SourceVersion "1"]
[SourceVersionDate "2015.03.02"]
[SourceQuality "1"]
[WhiteTeam "Damascus Mohafasah (W)"]
[BlackTeam "Al Fuhies Orothodox (W)"]
[WhiteTeamCountry "SYR"]
[BlackTeamCountry "JOR"]

1. f4 Nf6 2. Nf3 e6 3. b3 d5 4. Bb2 c5 5. e3 Nbd7 6. Bb5 a6 7. Bxd7+ Bxd7 8. 0-0 Qb6 9. Ne5 Bc6 10. Qe1 Qc7 11. d3 Be7 12. Nd2 Rg8 13. Ndf3 Nd7 14. Nxd7 Bxd7 15. Rc1 f6 16. Qd2 Bd6 17. c3 Qa5 18. a4 Qb6 19. Rfe1 Qxb3 20. a5 Bc7 21. c4 dxc4 22. dxc4 Qb4 23. Bc3 Qxc4 24. Be5 Bxa5 25. Qxa5 Qb4 26. Qxb4 cxb4 27. Bd6 a5 28. Ra1 b3 29. Reb1 a4 30. Rxb3 axb3 31. Rxa8+ Kf7 32. Rxg8 Kxg8 33. Nd2 Ba4 34. Ba3 b5 35. Kf2 Kf7 36. e4 Ke8 37. Ke3 Kd7 38. Kd4 Kc6 1-0

[Event "Asian Clubs-ch zt (Women)"]
[Site "Amman"]
[Date "2015.01.20"]
[Round "2.3"]
[White "Raya, Alnaimat"]
[Black "Boshra, Alshaeby"]
[Result "0-1"]
[WhiteElo "1716"]
[BlackElo "1942"]
[PlyCount "53"]
[EventDate "2015.01.19"]
[EventType "team-tourn"]
[EventRounds "7"]
[EventCountry "JOR"]
[SourceTitle "CBM 164 Extra"]
[Source "ChessBase"]
[SourceDate "2015.03.02"]
[SourceVersion "1"]
[SourceVersionDate "2015.03.02"]
[SourceQuality "1"]
[WhiteTeam "Al Fuhies Orothodox (W)"]
[BlackTeam "Royal CC (W)"]
[WhiteTeamCountry "JOR"]
[BlackTeamCountry "JOR"]

1. d4 c5 2. c3 Nf6 3. Bf4 Qb6 4. Qc2 cxd4 5. cxd4 Nc6 6. e3 Nb4 7. Qb3 d6 8. Na3 Qa5 9. Nc4 Nc2+ 10. Kd1 Nxa1 11. Nxa5 Nxb3 12. Bb5+ Bd7 13. Bxd7+ Kxd7 14. Nxb3 Ne4 15. Bg3 h5 16. f3 Nxg3 17. hxg3 g6 18. Ne2 Bg7 19. Kd2 Rac8 20. Nc3 e5 21. Nd5 exd4 22. Nxd4 Rc5 23. Nc3 Re8 24. Kd3 Ree5 25. Re1 Rg5 26. Ne4 Ra5 27. Nc3 0-1